La peinture romaine

Saved in:
Bibliographic Details
Main Author: Croisille, Jean-Michel
Format: Book
Language:French
Published: Paris : Picard, c2005
Series:Les manuels d'art et d'archologie antiques
Subjects:
Tags: Add Tag
No Tags, Be the first to tag this record!

MARC

LEADER 00000nam a2200000 i 4500
001 1/100936
008 090210s2005 fre d
020 |a 2-7084-0748-1 
035 |l 10103056 
040 |a GR-MY-UA  |b gre  |e aacr 
041 0 |a fre 
082 0 |a 750  |2 (22) 
100 1 |a Croisille, Jean-Michel. 
245 1 3 |a La peinture romaine /  |c Jean-Michel Croisille 
260 |a Paris :   |b Picard,   |c c2005 
300 |a 375 σ.;  |b εικ. (μερ. έγχρ.), χάρτες;  |c 29 εκ. 
490 1 |a Les manuels d'art et d'archologie antiques 
504 |a Βιβλιογραφία: σ. 343-359 
504 |a Ευρετήριο: σ. 369-372 
650 0 0 |a Mural painting and decoration, Roman. 
830 0 |a Les manuels d'art et d'archologie antiques 
852 |a INST  |b LESVOS  |e 20090210  |h 750 CRO  |p 005100043897  |q 005100043897  |t BK  |y 0 
901 |a BIBL1-2009-1 
909 |a Λ  |b 157632 
922 |a 1ΕΛΗ  |b 200811  |c ΕΠΕΑΕΚ2/ΚΥΒ  |d ΜΙΧΑΛΟΠΟΥΛΟΣ 
970 |a ΓΙΑΛΑΜΑ  |b ΜΑΡΙΑ  |z 2009/02/10